000 nam a22 7a 4500
999 _c8292
_d8292
008 171216b xxu||||| |||| 00| 0 eng d
100 _94713
_aCBSE
245 _aMATHEMATICS SAMPLE Q PAPER -X
260 _aAGRA
_bOSWAAL BOOK
_c2017